000 00909cam a22002418a 4500
001 vtls003234132
003 MY-SjTCS
005 20200226105137.0
008 120712s2010 enk 000 0 eng
020 _a9780273711216 (pbk.)
035 _a16073213
039 9 _a201209201136
_bshuhada
_c201209131722
_dshuhada
_c201209131722
_dshuhada
_c201209131716
_dshuhada
_y201207121647
_zmalathy
082 0 4 _a158.7
_bARN 2010
100 1 _aArnold, John,
_d1958-
_918512
245 1 0 _aWork psychology :
_bunderstanding human behaviour in the workplace /
_cJohn Arnold and Ray Randall ; with Fiona Patterson .. [et al.].
250 _a5th ed.
260 _aHarlow, England :
_bFinancial Times Prentice Hall,
_c2010.
650 0 _aPsychology, Industrial.
_9716
650 0 _aWork
_xPsychological aspects.
_97980
700 1 _aRandall, Ray.
_963326
700 1 _aPatterson, Fiona.
_964589
920 _aMIM : 186148, 186147
999 _c48849